KOHA-Header-6

Strategic Management of Human Reseource (Record no. 2180)

000 -LEADER
fixed length control field 00379nam a2200157Ia 4500
003 - CONTROL NUMBER IDENTIFIER
control field OSt
005 - DATE AND TIME OF LATEST TRANSACTION
control field 20191001162921.0
008 - FIXED-LENGTH DATA ELEMENTS--GENERAL INFORMATION
fixed length control field 190802s9999 xx 000 0 und d
020 ## - INTERNATIONAL STANDARD BOOK NUMBER
International Standard Book Number 978-1285426792
040 ## - CATALOGING SOURCE
Transcribing agency maju
100 ## - MAIN ENTRY--PERSONAL NAME
Personal name Jeffrey A.Mello
245 #0 - TITLE STATEMENT
Title Strategic Management of Human Reseource
260 ## - PUBLICATION, DISTRIBUTION, ETC. (IMPRINT)
Place of publication, distribution, etc USA
Name of publisher, distributor, etc McGraw Hill
Date of publication, distribution, etc 2016
300 ## - PHYSICAL DESCRIPTION
Extent 688:p
942 ## - ADDED ENTRY ELEMENTS (KOHA)
Koha item type Books
Source of classification or shelving scheme
Holdings
Withdrawn status Lost status Source of classification or shelving scheme Damaged status Not for loan Collection code Permanent Location Current Location Shelving location Date acquired Full call number Barcode Date last seen Price effective from Koha item type
        Not For Loan Management MAJU MAJU Shelf No.A38 REF 2019-08-03 658.3 8803 2019-08-03 2019-08-03 Management

Powered by Koha